| 000 | 00531nam a22001817a 4500 | ||
|---|---|---|---|
| 003 | 0 | ||
| 005 | 20241115150034.0 | ||
| 008 | 241115b xxu||||| |||| 00| 0 eng d | ||
| 020 | _a9781394226382 | ||
| 050 |
_aQA 276.12 _b.M36 2024 |
||
| 100 |
_aMann, Prem S., _eauthor. |
||
| 245 |
_aIntroductory statistics / _cPrem S. Mann. |
||
| 250 | _a10th ed. | ||
| 260 |
_aSingapore : _bJohn Wiley & Sons Singapore Pte. Ltd, _cc2024. |
||
| 300 |
_axv, various pagination : _bcol. ill. ; _c28 cm. |
||
| 650 | _aStatistics. | ||
| 942 |
_2lcc _cBK |
||
| 999 |
_c366739 _d366739 |
||